[Event "Sparkassen-Open A"]
[Site "Heusenstamm, Martinsee"]
[Date "2025.11.20"]
[Round "1.1"]
[White "Höller, Armin"]
[Black "Hagner, Bennet"]
[Result "0-1"]
[WhiteElo "1973"]
[BlackElo "2461"]
[PlyCount "56"]
[EventDate "2025.11.20"]
[WhiteTeam "SK Weilheim e.V."]
[BlackTeam "OSG Baden-Baden"]

1. c4 Nf6 2. Nf3 e6 3. g3 d5 4. Bg2 Be7 5. O-O a5 6. d4 O-O 7. Nc3 c6 8. b3 b6 9. Bb2 Nbd7 10. Re1 Ba6 11. Ne5 Nxe5 12. dxe5 Nd7 13. cxd5 cxd5 14. f4 Rc8 15. a3 Kh8 16. Kh1 f6 17. e4 d4 18. Ne2 fxe5 19. fxe5 Nxe5 20. Nf4 Rxf4 21. gxf4 Nd3 22. Qd2 Nxe1 23. Rxe1 d3 24. Rc1 Rxc1+ 25. Bxc1 Qf8 26. Bh3 Bxa3 27. Bxe6 Qb4 28. Bxa3 Qxd2 0-1

[Event "Sparkassen-Open A"]
[Site "Heusenstamm, Martinsee"]
[Date "2025.11.20"]
[Round "1.2"]
[White "Pajeken, Jakob Leon"]
[Black "Steinbrenner, Peter"]
[Result "1-0"]
[WhiteElo "2467"]
[BlackElo "2005"]
[PlyCount "99"]
[EventDate "2025.11.20"]
[WhiteTeam "SK Doppelbauer Kiel von 1910 e.V"]
[BlackTeam "SK Kaiserslautern 1905"]

1. Nf3 c5 2. c4 Nc6 3. Nc3 g6 4. e3 Bg7 5. d4 d6 6. d5 Nb8 7. h3 Nf6 8. e4 O-O 9. Be2 Na6 10. O-O Nc7 11. Be3 b6 12. Nd2 Bb7 13. f4 e6 14. Bf2 Nd7 15. Nf3 exd5 16. cxd5 Re8 17. Bh4 Qc8 18. Qc2 a6 19. a4 Rb8 20. Rad1 Ba8 21. e5 dxe5 22. f5 e4 23. Nxe4 Nxd5 24. Nd6 Qc6 25. Nxe8 Rxe8 26. fxg6 hxg6 27. Bg5 Ne5 28. Qd2 Qxa4 29. Kh1 Kh7 30. Nxe5 Rxe5 31. Rxf7 Qe8 32. Rf2 Ne3 33. Bxe3 Rxe3 34. Bg4 c4 35. Rdf1 Qe5 36. Rf7 Bd5 37. Rd7 Bc6 38. Ra7 Qg3 39. Kg1 Rd3 40. Qe2 Re3 41. Qf2 Qxf2+ 42. Rxf2 Kh6 43. Rff7 Bxb2 44. h4 g5 45. Rh7+ Kg6 46. h5+ Kf6 47. Rh6+ Ke5 48. Rxc6 Bd4 49. Kh2 Kf4 50. Rxc4 1-0

[Event "Sparkassen-Open A"]
[Site "Heusenstamm, Martinsee"]
[Date "2025.11.20"]
[Round "1.3"]
[White "Meyer-Kahlen, Stefan"]
[Black "Poetsch, Hagen"]
[Result "0-1"]
[WhiteElo "1975"]
[BlackElo "2456"]
[PlyCount "48"]
[EventDate "2025.11.20"]
[WhiteTeam "SC Erkrath 1973"]
[BlackTeam "SC Heusenstamm"]

1. d4 Nf6 2. Nf3 d5 3. g3 c5 4. Bg2 cxd4 5. O-O h6 6. b3 e6 7. Nxd4 e5 8. Nf3 Nc6 9. Bb2 Bd6 10. Nfd2 h5 11. c4 d4 12. Ne4 Nxe4 13. Bxe4 h4 14. Qd3 O-O 15. a3 f5 16. Bd5+ Kh8 17. Qf3 Qe8 18. e4 Qg6 19. Kh1 Ne7 20. Nd2 Nxd5 21. exf5 Bxf5 22. Qxd5 Bd3 23. Rg1 Rxf2 24. gxh4 Qh6 0-1

[Event "Sparkassen-Open A"]
[Site "Heusenstamm, Martinsee"]
[Date "2025.11.20"]
[Round "1.4"]
[White "Bagrationi, Alexander"]
[Black "Heppert, Lars"]
[Result "1-0"]
[WhiteElo "2415"]
[BlackElo "2001"]
[PlyCount "83"]
[EventDate "2025.11.20"]
[WhiteTeam "SV Hemer 1932 e. V."]
[BlackTeam "SK Neuburg"]

1. e4 g6 2. d4 Bg7 3. Nc3 c6 4. h3 d5 5. Nf3 dxe4 6. Nxe4 Nd7 7. Bd3 Ngf6 8. Nxf6+ Nxf6 9. O-O O-O 10. c4 Qc7 11. Qe2 c5 12. Qe5 Ne8 13. Qxc5 Qxc5 14. dxc5 Nc7 15. Rb1 a5 16. Re1 Ne6 17. Be3 Bd7 18. Be4 Bc6 19. Bd5 Nc7 20. Bxc6 bxc6 21. Bg5 e6 22. Red1 Na6 23. Be3 Rfd8 24. Rd6 Rxd6 25. cxd6 c5 26. Rd1 Bxb2 27. Rb1 Bf6 28. Rb6 Kf8 29. Ng5 Bd4 30. Rb7 Nb4 31. Nxf7 Nc6 32. Ng5 Nd8 33. Rd7 Kg8 34. Nxh7 Nf7 35. Bxd4 cxd4 36. Nf6+ Kf8 37. c5 d3 38. Ne4 Ne5 39. Rb7 Nc4 40. c6 Nxd6 41. Nxd6 d2 42. Rb1 1-0

[Event "Sparkassen-Open A"]
[Site "Heusenstamm, Martinsee"]
[Date "2025.11.20"]
[Round "1.5"]
[White "Dolidze, David"]
[Black "Karsay, Pascal"]
[Result "0-1"]
[WhiteElo "1997"]
[BlackElo "2401"]
[PlyCount "68"]
[EventDate "2025.11.20"]
[WhiteTeam "SC Eschborn 1974"]
[BlackTeam "SV Worms 1878"]

1. e4 e5 2. Nf3 Nc6 3. Bc4 Nf6 4. d3 Bc5 5. c3 O-O 6. O-O d5 7. exd5 Nxd5 8. Re1 Bg4 9. Nbd2 Nb6 10. Ne4 Nxc4 11. Nxc5 Nd6 12. h3 Bh5 13. g4 Bg6 14. Bg5 Qc8 15. Nh4 b6 16. Qf3 Qe8 17. Nxg6 hxg6 18. Ne4 Qd7 19. Rad1 Rae8 20. Nxd6 Qxd6 21. Qe4 Re6 22. f4 exf4 23. Qxf4 Rxe1+ 24. Rxe1 Qxd3 25. Qe4 Qg3+ 26. Kh1 Qxh3+ 27. Kg1 Qg3+ 28. Kh1 Nd8 29. Re3 Qf2 30. Re2 Qf1+ 31. Kh2 Ne6 32. Bh4 g5 33. Bg3 Rd8 34. Qe3 Rd1 0-1

[Event "Sparkassen-Open A"]
[Site "Heusenstamm, Martinsee"]
[Date "2025.11.20"]
[Round "1.6"]
[White "Hacker, Jonas"]
[Black "von Auer, Ulrich"]
[Result "1-0"]
[WhiteElo "2352"]
[BlackElo "1997"]
[PlyCount "55"]
[EventDate "2025.11.20"]
[WhiteTeam "SC Eppingen"]
[BlackTeam "SV Oberursel"]

1. d4 Nf6 2. c4 g6 3. Nc3 d5 4. h4 c5 5. cxd5 Nxd5 6. dxc5 Nxc3 7. Qxd8+ Kxd8 8. bxc3 Bg7 9. Bd2 Na6 10. c6 bxc6 11. g3 Rb8 12. Bg2 Bd7 13. Nf3 h6 14. O-O e5 15. Rfd1 Ke7 16. Bc1 c5 17. Ba3 Be6 18. Nd2 f5 19. e4 Rbc8 20. exf5 gxf5 21. Bb7 Nb8 22. Bxc8 Rxc8 23. Rab1 Nd7 24. Rb7 e4 25. Nb3 Ke8 26. Rd6 Ke7 27. Bxc5 Rxc5 28. Rdxd7+ 1-0

[Event "Sparkassen-Open A"]
[Site "Heusenstamm, Martinsee"]
[Date "2025.11.20"]
[Round "1.7"]
[White "Müller, Mark"]
[Black "Smith, Bryan"]
[Result "0-1"]
[WhiteElo "1995"]
[BlackElo "2365"]
[PlyCount "76"]
[EventDate "2025.11.20"]
[WhiteTeam "SC Königsflügel Lindenholzhausen"]
[BlackTeam "TSV Schönaich"]

1. e4 c5 2. Nf3 Nc6 3. d4 cxd4 4. Nxd4 e5 5. Nb5 d6 6. N1c3 a6 7. Na3 Be6 8. Be2 Nf6 9. Bg5 Be7 10. Bxf6 Bxf6 11. O-O O-O 12. Nd5 Bg5 13. Nc4 b5 14. Nce3 g6 15. a4 b4 16. Nc4 Ra7 17. f4 exf4 18. Nxf4 Bxf4 19. Rxf4 Qg5 20. Rf2 Rd8 21. Qd2 Qc5 22. Ne3 Ne5 23. Rd1 a5 24. h3 Rc7 25. Bb5 Qb6 26. Qd4 Rc5 27. Rfd2 Bxh3 28. Nd5 Qa7 29. Kh1 Be6 30. Nf6+ Kf8 31. Nxh7+ Kg7 32. Ng5 Qe7 33. Nf3 Bg4 34. Kg1 Bxf3 35. gxf3 Qh4 36. Qf2 Qf4 37. Be2 Rh8 38. Rxd6 Rxc2 0-1

[Event "Sparkassen-Open A"]
[Site "Heusenstamm, Martinsee"]
[Date "2025.11.20"]
[Round "1.8"]
[White "Mastiuk, Ivan"]
[Black "Müller, Maximilian"]
[Result "1-0"]
[WhiteElo "1828"]
[BlackElo "1989"]
[PlyCount "97"]
[EventDate "2025.11.20"]
[WhiteTeam "SK 1858 Gießen"]
[BlackTeam "SVG Saarbrücken 1970 e.V."]

1. d4 e6 2. c4 Nf6 3. Nc3 Bb4 4. Qc2 d5 5. cxd5 exd5 6. Nf3 O-O 7. Bg5 c6 8. e3 Nbd7 9. Bd3 h6 10. Bh4 Re8 11. O-O Bd6 12. Bg3 Bxg3 13. hxg3 Qe7 14. Rab1 Ne4 15. Ne2 Ndf6 16. b4 Ng4 17. Bxe4 dxe4 18. Nh2 Nf6 19. Nc3 b6 20. a4 Be6 21. Rfd1 Bc4 22. Nxe4 Nxe4 23. Qxc4 Nxf2 24. Kxf2 Qxe3+ 25. Kf1 Qxg3 26. Nf3 Re3 27. Qxc6 Rae8 28. Re1 R8e6 29. Qa8+ Kh7 30. Rxe3 Rxe3 31. Re1 Rxe1+ 32. Nxe1 Qf4+ 33. Qf3 Qxd4 34. Qd3+ Qxd3+ 35. Nxd3 Kg6 36. Ne5+ Kf5 37. Nc6 a6 38. Nb8 a5 39. bxa5 bxa5 40. Nc6 Ke4 41. Nxa5 Kd5 42. Nb3 Kc4 43. a5 Kb5 44. Kf2 h5 45. Kf3 g5 46. Ke4 h4 47. Kf5 f6 48. Nd2 Kxa5 49. Ne4 1-0

[Event "Sparkassen-Open A"]
[Site "Heusenstamm, Martinsee"]
[Date "2025.11.20"]
[Round "1.10"]
[White "Holtel, Jasper"]
[Black "Karpasyuk, Yevgen"]
[Result "1/2-1/2"]
[WhiteElo "2365"]
[BlackElo "1957"]
[PlyCount "82"]
[EventDate "2025.11.20"]
[WhiteTeam "SK Doppelbauer Kiel von 1910 e.V"]
[BlackTeam "SAbt TuS Makkabi Ffm"]

1. c4 Nf6 2. g3 g6 3. Bg2 Bg7 4. Nc3 O-O 5. d4 d6 6. h3 Nc6 7. Nf3 a6 8. e4 e5 9. d5 Ne7 10. O-O Nd7 11. Be3 h6 12. Qd2 Kh7 13. Nh4 f5 14. exf5 Nxf5 15. Nxf5 gxf5 16. f4 Qe8 17. Rae1 Qg6 18. Kh2 exf4 19. gxf4 Nf6 20. Bf3 Bd7 21. Rg1 Qf7 22. c5 Rae8 23. c6 Bc8 24. Qd3 bxc6 25. dxc6 Kh8 26. Rg2 Rg8 27. Reg1 Ne4 28. Rxg7 Rxg7 29. Bd4 Nf6 30. Rxg7 Kxg7 31. Nd5 Re6 32. Qc3 Kg6 33. Bxf6 Rxf6 34. h4 Be6 35. Bh5+ Kxh5 36. Nxf6+ Kg6 37. h5+ Kg7 38. Ng4+ Kh7 39. Nf6+ Kg7 40. Ng4+ Kh7 41. Nf6+ Kg7 1/2-1/2

[Event "Sparkassen-Open A"]
[Site "Heusenstamm, Martinsee"]
[Date "2025.11.20"]
[Round "1.11"]
[White "Pötschke, Wolfgang"]
[Black "Stork, Oliver"]
[Result "0-1"]
[WhiteElo "1990"]
[BlackElo "2347"]
[PlyCount "82"]
[EventDate "2025.11.20"]
[WhiteTeam "SC Flörsheim 1921"]
[BlackTeam "Klub Kölner SF e. V."]

1. e4 c5 2. Nf3 Nc6 3. d4 cxd4 4. Nxd4 Nf6 5. Nc3 h5 6. Be2 e5 7. Ndb5 d6 8. Nd5 Nxd5 9. exd5 Ne7 10. a4 a6 11. Na3 Qa5+ 12. c3 Qxd5 13. Qxd5 Nxd5 14. Bf3 Nf6 15. Nc4 Rb8 16. Be3 Be6 17. Nb6 Bg4 18. O-O-O Ke7 19. Bg5 Bxf3 20. gxf3 Ke6 21. Rhe1 Be7 22. f4 Rbd8 23. Nc4 Ng4 24. Bxe7 Kxe7 25. f3 Nxh2 26. fxe5 dxe5 27. Rxe5+ Kf6 28. Rh1 Nxf3 29. Re3 Ng5 30. Rf1+ Kg6 31. Ne5+ Kh6 32. Nxf7+ Nxf7 33. Rxf7 Rd6 34. Rxb7 g5 35. c4 g4 36. c5 Rg6 37. Rb6 h4 38. Ree6 Rxe6 39. Rxe6+ Kg5 40. c6 h3 41. c7 h2 0-1

[Event "Sparkassen-Open A"]
[Site "Heusenstamm, Martinsee"]
[Date "2025.11.20"]
[Round "1.12"]
[White "Sydykov, Bayastan"]
[Black "Goldinov, Daniel"]
[Result "1-0"]
[WhiteElo "2354"]
[BlackElo "1931"]
[PlyCount "113"]
[EventDate "2025.11.20"]
[WhiteTeam "SC Viernheim 1934 e.V."]
[BlackTeam "Stuttgarter SF 1879"]

1. e4 c5 2. Nf3 Nc6 3. Bb5 Nf6 4. e5 Ng4 5. Bxc6 dxc6 6. O-O g6 7. Nc3 Bg7 8. Re1 O-O 9. d3 Nh6 10. h3 Nf5 11. Ne4 b6 12. c3 Qd5 13. Bf4 f6 14. exf6 exf6 15. g4 g5 16. Bh2 Nh4 17. Nxh4 gxh4 18. Nd6 f5 19. Qb3 fxg4 20. Nxc8 Raxc8 21. Qxd5+ cxd5 22. hxg4 d4 23. c4 Rf3 24. Rad1 Bh6 25. Re2 Bg5 26. b4 cxb4 27. Bd6 a5 28. Kg2 Rf7 29. Re4 Rd8 30. Be5 Bf6 31. Bxf6 Rxf6 32. f4 Rc6 33. Rd2 Rc7 34. Kh3 Rb7 35. Re5 Rdd7 36. Rde2 Kf7 37. Rf5+ Kg7 38. Kxh4 Re7 39. Rfe5 Kf7 40. Kg5 Rbc7 41. Kf5 Rc5 42. Rh2 Kg7 43. Ke4 Rd7 44. Rd5 Rcc7 45. Kxd4 Rf7 46. f5 Ra7 47. g5 Rfd7 48. f6+ Kg8 49. Ke5 Rxd5+ 50. cxd5 a4 51. Ke6 b3 52. axb3 a3 53. d6 a2 54. Rxa2 Rxa2 55. d7 Ra8 56. Ke7 h5 57. gxh6 1-0

[Event "Sparkassen-Open A"]
[Site "Heusenstamm, Martinsee"]
[Date "2025.11.20"]
[Round "1.13"]
[White "Werner, Florin"]
[Black "Chassard, Cedric"]
[Result "0-1"]
[WhiteElo "1912"]
[BlackElo "2276"]
[PlyCount "42"]
[EventDate "2025.11.20"]
[WhiteTeam "VSG 1880 Offenbach"]
[BlackTeam "TSV Schott Mainz"]

1. e4 c5 2. Nf3 d6 3. d4 cxd4 4. Nxd4 Nf6 5. Nc3 a6 6. Bc4 e6 7. Bb3 b5 8. O-O Be7 9. f4 O-O 10. Be3 b4 11. Na4 Nxe4 12. f5 d5 13. fxe6 fxe6 14. Rxf8+ Bxf8 15. Qd3 Bd7 16. Rf1 Nc6 17. Nb6 Nxd4 18. Rxf8+ Qxf8 19. Nxa8 Bb5 20. Qd1 Ne2+ 21. Kh1 Qxa8 0-1

[Event "Sparkassen-Open A"]
[Site "Heusenstamm, Martinsee"]
[Date "2025.11.20"]
[Round "1.14"]
[White "Hinrichs, Paul"]
[Black "Tremöhlen, Thomas"]
[Result "1-0"]
[WhiteElo "2309"]
[BlackElo "1986"]
[PlyCount "70"]
[EventDate "2025.11.20"]
[WhiteTeam "Sfr.Heidesheim"]
[BlackTeam "SPORTGEM Kaarst 1912/35"]

1. d4 Nf6 2. g3 g6 3. Bg2 Bg7 4. e4 O-O 5. Nc3 d6 6. Nge2 e5 7. h3 Nc6 8. Be3 Bd7 9. O-O Re8 10. Re1 a6 11. a4 Rb8 12. d5 Ne7 13. a5 Qc8 14. Kh2 h6 15. Qd2 Kh7 16. Rg1 Rh8 17. Raf1 Kg8 18. f4 g5 19. f5 g4 20. Nd1 Qf8 21. Rh1 h5 22. Kg1 Bb5 23. b3 Bh6 24. c4 Bd7 25. hxg4 Nxg4 26. Bxh6 Qxh6 27. Qxh6 Rxh6 28. Bf3 Kh7 29. Bxg4 hxg4 30. Nf2 Rg8 31. Kg2 Bxf5 32. exf5 Nxf5 33. Nxg4 Rxh1 34. Rxh1+ Kg6 35. Kf3 Kg5 1-0

[Event "Sparkassen-Open A"]
[Site "Heusenstamm, Martinsee"]
[Date "2025.11.20"]
[Round "1.15"]
[White "Pauls, Wilhelm"]
[Black "Hourigan, Gerrit"]
[Result "0-1"]
[WhiteElo "1984"]
[BlackElo "2279"]
[PlyCount "94"]
[EventDate "2025.11.20"]
[WhiteTeam "SPORTGEM Kaarst 1912/35"]
[BlackTeam "SF Hamburg e.V. 1934"]

1. e4 c6 2. d4 d5 3. exd5 cxd5 4. c4 Nf6 5. Nc3 g6 6. Qb3 e6 7. Nf3 Nc6 8. Bg5 Bg7 9. c5 O-O 10. Bb5 Qc7 11. O-O Ne4 12. Bxc6 bxc6 13. Bh4 f5 14. Nxe4 dxe4 15. Ne5 Bxe5 16. dxe5 Qxe5 17. Be7 Re8 18. Bd6 Qd5 19. Qc3 Ba6 20. Rfd1 Bd3 21. f3 e5 22. fxe4 fxe4 23. Kh1 Rad8 24. Rac1 Rd7 25. a3 Rf7 26. Rd2 Rf5 27. h3 Rg5 28. Re1 Qf7 29. b4 Rf5 30. Kh2 Qd5 31. Kh1 h5 32. Kh2 Kh7 33. Qb2 Qf7 34. Qc3 g5 35. a4 g4 36. Re3 a6 37. Qb2 Qf6 38. Qc3 Rf1 39. Rg3 Qf4 40. Rdxd3 exd3 41. Qxd3+ Kg7 42. Qe3 Qxe3 43. Rxe3 Kf6 44. hxg4 hxg4 45. b5 cxb5 46. axb5 axb5 47. Rb3 e4 0-1

[Event "Sparkassen-Open A"]
[Site "Heusenstamm, Martinsee"]
[Date "2025.11.20"]
[Round "1.16"]
[White "Browning, Alex"]
[Black "Inkaya, Mustafa"]
[Result "1-0"]
[WhiteElo "2283"]
[BlackElo "1975"]
[PlyCount "53"]
[EventDate "2025.11.20"]
[WhiteTeam "SG Porz e. V."]
[BlackTeam "SC Kreuzberg e.V."]

1. e4 c6 2. Nc3 d5 3. d4 dxe4 4. Nxe4 Nf6 5. Ng3 h5 6. h3 h4 7. N3e2 Qb6 8. Nf3 e6 9. c3 c5 10. Qb3 Qxb3 11. axb3 Nc6 12. Be3 Nd5 13. Bd2 Bd7 14. dxc5 Bxc5 15. b4 Bd6 16. Ned4 Nxd4 17. Nxd4 Ke7 18. Be2 Be5 19. Nb3 a6 20. O-O Rab8 21. Bf3 Bd6 22. Rfe1 Kf6 23. c4 Nf4 24. Re4 g5 25. Bc3+ e5 26. Rd1 Ke6 27. Nc5+ 1-0

[Event "Sparkassen-Open A"]
[Site "Heusenstamm, Martinsee"]
[Date "2025.11.20"]
[Round "1.17"]
[White "Feick, Claas Marten"]
[Black "Heimrath, Reiner"]
[Result "0-1"]
[WhiteElo "1904"]
[BlackElo "2149"]
[PlyCount "90"]
[EventDate "2025.11.20"]
[WhiteTeam "SF Neuberg"]
[BlackTeam "SC Noris-Tarrasch Nürnberg 1873"]

1. e4 e5 2. Nf3 Nc6 3. Bb5 f5 4. d3 Nf6 5. O-O Bc5 6. Nc3 O-O 7. h3 d6 8. Re1 Kh8 9. Na4 fxe4 10. dxe4 Bb4 11. c3 Ba5 12. Bg5 Qe8 13. Bxf6 Rxf6 14. Re3 Bd7 15. Nh2 a6 16. Bxc6 Bxc6 17. b3 Rf4 18. Qc2 Qg6 19. Rae1 Raf8 20. R3e2 h5 21. Nb2 Bb6 22. Nd1 Bb5 23. c4 Bc6 24. a3 Bd4 25. Kh1 Qh7 26. f3 g5 27. Ne3 g4 28. Nd5 R4f7 29. Qd2 Bd7 30. h4 c6 31. Ne3 Qg6 32. Nc2 Bb6 33. Rd1 Rf6 34. Qe1 g3 35. Nf1 Rg8 36. Nce3 Rf4 37. Nxg3 Rxh4+ 38. Kg1 Rf4 39. Ngf5 Bxf5 40. exf5 Bxe3+ 41. Kh1 Qg5 42. g4 Rxf3 43. Rxd6 Qxg4 44. Rdd2 Rh3+ 45. Rh2 Qg1+ 0-1

[Event "Sparkassen-Open A"]
[Site "Heusenstamm, Martinsee"]
[Date "2025.11.20"]
[Round "1.18"]
[White "Pfarr, Michael"]
[Black "Panjer, Sidney"]
[Result "0-1"]
[WhiteElo "1969"]
[BlackElo "2287"]
[PlyCount "68"]
[EventDate "2025.11.20"]
[WhiteTeam "SK 1928 Mömbris"]
[BlackTeam "Krefelder SK Turm 1851 e"]

1. e4 c5 2. Nf3 Nc6 3. d4 cxd4 4. Nxd4 e5 5. Nb5 d6 6. N1c3 a6 7. Na3 Be7 8. Be3 Nf6 9. Nd5 Nxd5 10. exd5 Nd4 11. Bxd4 exd4 12. Qxd4 O-O 13. O-O-O Bf6 14. Qb4 b5 15. Bd3 Qc7 16. h4 Bd7 17. Qe4 g6 18. g4 Rfe8 19. Qf3 Bg7 20. h5 Qc5 21. hxg6 hxg6 22. Rh7 Qb4 23. c3 Qxg4 24. Qh1 b4 25. Nc2 bxc3 26. Rg1 cxb2+ 27. Kb1 Qxg1+ 28. Qxg1 Kxh7 29. Qh2+ Kg8 30. Qxd6 Rac8 31. a4 Bf5 32. Bxf5 gxf5 33. Na3 Rc1+ 34. Ka2 Ra1+ 0-1

[Event "Sparkassen-Open A"]
[Site "Heusenstamm, Martinsee"]
[Date "2025.11.20"]
[Round "1.19"]
[White "Podat, Vladimir"]
[Black "Weiss, Matthias"]
[Result "1-0"]
[WhiteElo "2278"]
[BlackElo "1980"]
[PlyCount "51"]
[EventDate "2025.11.20"]
[WhiteTeam "SC Untergrombach 46"]
[BlackTeam "SF Schöneck"]

1. d4 Nf6 2. c4 c5 3. d5 b5 4. cxb5 a6 5. bxa6 Bxa6 6. Nc3 d6 7. e4 g6 8. Bxa6 Nxa6 9. Nf3 Bg7 10. O-O O-O 11. Nd2 Nd7 12. Qe2 Nb4 13. Nc4 Nb6 14. Nxb6 Qxb6 15. Bg5 Rfe8 16. a3 Na6 17. Rac1 h6 18. Bf4 Nc7 19. e5 Rab8 20. Rc2 Qb3 21. Rd2 Nb5 22. Nxb5 Qxb5 23. Qxb5 Rxb5 24. exd6 exd6 25. Bxd6 Bxb2 26. a4 1-0

[Event "Sparkassen-Open A"]
[Site "Heusenstamm, Martinsee"]
[Date "2025.11.20"]
[Round "1.20"]
[White "Bäumer, Frank"]
[Black "Bentel, Robin"]
[Result "0-1"]
[WhiteElo "1974"]
[BlackElo "2243"]
[PlyCount "86"]
[EventDate "2025.11.20"]
[WhiteTeam "SV 1932 Caissa Homburg"]
[BlackTeam "Schachfreunde Lieme e. V."]

1. Nf3 d5 2. e3 Nf6 3. c4 e6 4. Nc3 Be7 5. b3 O-O 6. Bb2 c5 7. Qc2 Nc6 8. cxd5 exd5 9. d4 Bg4 10. dxc5 Bxc5 11. Be2 Qe7 12. O-O Rad8 13. h3 Bh5 14. Nh4 Bg6 15. Nxg6 hxg6 16. Rad1 Rd7 17. Rfe1 Rfd8 18. Bf1 a6 19. Qc1 Ba7 20. Ne2 Ne4 21. Nd4 Ne5 22. Be2 Bb8 23. Bf3 Qb4 24. Qc2 Ng5 25. Qe2 Ne4 26. Qf1 Qe7 27. Rc1 Qd6 28. g3 g5 29. Bg2 Qg6 30. Nf3 Nc6 31. Qd3 g4 32. hxg4 Qxg4 33. Nh2 Qf5 34. Qe2 Rd6 35. Bxe4 dxe4 36. Qg4 Qg5 37. Nf1 Rd2 38. Rb1 f5 39. Nh2 Be5 40. Bxe5 Nxe5 41. a4 Nd3 42. Rf1 Rc8 43. Rbd1 Re2 0-1

[Event "Sparkassen-Open A"]
[Site "Heusenstamm, Martinsee"]
[Date "2025.11.20"]
[Round "1.21"]
[White "Mester, Philipp"]
[Black "Wambach, Jürgen"]
[Result "1-0"]
[WhiteElo "2285"]
[BlackElo "1976"]
[PlyCount "55"]
[EventDate "2025.11.20"]
[WhiteTeam "SVG CAISSA Kassel"]
[BlackTeam "SK 1982 Klingenberg e.V."]

1. d4 Nf6 2. c4 c5 3. d5 e6 4. Nc3 exd5 5. cxd5 d6 6. e4 g6 7. Nge2 Bg7 8. Ng3 a6 9. a4 Nbd7 10. Be2 Rb8 11. O-O O-O 12. f4 Ne8 13. Be3 Nc7 14. e5 dxe5 15. f5 Ne8 16. d6 Ndf6 17. d7 Bxd7 18. Bxc5 Qc7 19. Bxf8 Bxf8 20. Rc1 Qb6+ 21. Kh1 Qxb2 22. fxg6 hxg6 23. Bc4 Bg7 24. Bxf7+ Kxf7 25. Qxd7+ Kg8 26. Qe6+ Kh7 27. Nce4 Rd8 28. Ng5+ 1-0

[Event "Sparkassen-Open A"]
[Site "Heusenstamm, Martinsee"]
[Date "2025.11.20"]
[Round "1.22"]
[White "Blaschke, Henri Johannes"]
[Black "Eilers, Stefan"]
[Result "0-1"]
[WhiteElo "1970"]
[BlackElo "2280"]
[PlyCount "62"]
[EventDate "2025.11.20"]
[WhiteTeam "SK Vellmar 1950"]
[BlackTeam "SAbt SG 1945 Dietzenbach"]

1. c4 e5 2. g3 d6 3. Bg2 f5 4. Nc3 Nf6 5. d3 Be7 6. e3 O-O 7. Nge2 Qe8 8. b4 a5 9. b5 Nbd7 10. O-O Kh8 11. f4 e4 12. dxe4 fxe4 13. Bxe4 Nxe4 14. Nxe4 Nb6 15. Qc2 Be6 16. c5 dxc5 17. Nxc5 Bc4 18. Na4 Bxb5 19. Nxb6 cxb6 20. a4 Rc8 21. Qd1 Rd8 22. Nd4 Bxf1 23. Qxf1 Bf6 24. Qd3 Bxd4 25. exd4 Qe1+ 26. Qf1 Qc3 27. Ba3 Qxd4+ 28. Kg2 Rfe8 29. Rb1 Qe4+ 30. Kg1 Qe3+ 31. Kg2 Qxa3 0-1

[Event "Sparkassen-Open A"]
[Site "Heusenstamm, Martinsee"]
[Date "2025.11.20"]
[Round "1.23"]
[White "Baranyai-Molnar, Adam"]
[Black "Eichstädt, Enrico"]
[Result "1-0"]
[WhiteElo "2227"]
[BlackElo "1970"]
[PlyCount "107"]
[EventDate "2025.11.20"]
[WhiteTeam "SF Neuberg"]
[BlackTeam "SK Norderstedt von 1975"]

1. e4 c5 2. Nf3 g6 3. c3 Bg7 4. d4 cxd4 5. cxd4 d5 6. e5 f6 7. h3 Nc6 8. Bb5 Bd7 9. Nc3 a6 10. Bxc6 Bxc6 11. e6 Nh6 12. O-O Nf5 13. Bf4 O-O 14. Re1 Nd6 15. Nd2 Nb5 16. Nxb5 Bxb5 17. Rc1 Rc8 18. Qb3 Rxc1 19. Rxc1 Bc6 20. Qb4 Qc8 21. Qxe7 Re8 22. Qf7+ Kh8 23. Re1 Rf8 24. Qc7 Qxc7 25. Bxc7 Re8 26. f4 Kg8 27. g4 Bf8 28. Nf3 Bb4 29. Re3 Rc8 30. Bb6 Bb5 31. Bc5 Bxc5 32. dxc5 Rxc5 33. Nd4 Rc1+ 34. Kf2 Be8 35. Rc3 Rxc3 36. bxc3 Kf8 37. Ke3 Ke7 38. f5 g5 39. Nb3 b6 40. Kd4 Kd6 41. Nc1 Bb5 42. Nd3 a5 43. Ne1 Bf1 44. Nc2 b5 45. Ne3 Bc4 46. a3 Bb3 47. e7 Kxe7 48. Nxd5+ Kf7 49. Ne3 Ke7 50. Kc5 a4 51. Kxb5 Kd6 52. c4 Ke5 53. c5 Bf7 54. Nc4+ 1-0

[Event "Sparkassen-Open A"]
[Site "Heusenstamm, Martinsee"]
[Date "2025.11.20"]
[Round "1.24"]
[White "Trenz, Finn"]
[Black "Doll, Alexander"]
[Result "1-0"]
[WhiteElo "1952"]
[BlackElo "2234"]
[PlyCount "125"]
[EventDate "2025.11.20"]
[WhiteTeam "SV Multatuli Ingelheim e.V."]
[BlackTeam "SC Untergrombach 46"]

1. e4 e5 2. Nc3 Nf6 3. f4 d5 4. fxe5 Nxe4 5. Qf3 Nc6 6. Bb5 Nxc3 7. dxc3 Qh4+ 8. g3 Qe4+ 9. Be3 Bd7 10. O-O-O Nxe5 11. Bxd7+ Nxd7 12. Rxd5 Qxf3 13. Nxf3 Bd6 14. c4 O-O 15. c5 Nf6 16. Rd3 Be7 17. c6 bxc6 18. Nd4 Ng4 19. Nxc6 Bf6 20. Bc5 Rfe8 21. Rd7 Re2 22. h3 Bg5+ 23. Kd1 Re6 24. Rxc7 Ne3+ 25. Bxe3 Bxe3 26. Re1 Rd6+ 27. Ke2 Bb6 28. Ne7+ Kf8 29. Rc8+ Rxc8 30. Nxc8 Re6+ 31. Kd1 Rxe1+ 32. Kxe1 Bc5 33. Ke2 Ke8 34. b4 Kd7 35. bxc5 Kxc8 36. Kd3 Kd7 37. Kd4 Kc6 38. Kc4 h5 39. Kd4 a5 40. Kc4 f6 41. Kd4 g6 42. Kc4 a4 43. a3 g5 44. h4 gxh4 45. gxh4 f5 46. Kd4 f4 47. Ke4 Kxc5 48. Kxf4 Kd4 49. Kg5 Kc3 50. Kxh5 Kxc2 51. Kg4 Kb3 52. h5 Kxa3 53. h6 Kb2 54. h7 a3 55. h8=Q+ Kb1 56. Qh1+ Kb2 57. Qg2+ Kb1 58. Qf1+ Kb2 59. Qe2+ Kb1 60. Qd1+ Kb2 61. Qd2+ Kb3 62. Qc1 Ka2 63. Kf3 1-0

[Event "Sparkassen-Open A"]
[Site "Heusenstamm, Martinsee"]
[Date "2025.11.20"]
[Round "1.25"]
[White "Papadopoulos, Ioannis"]
[Black "Bogucanin, Mirsad"]
[Result "1-0"]
[WhiteElo "2240"]
[BlackElo "1966"]
[PlyCount "67"]
[EventDate "2025.11.20"]
[WhiteTeam "SV Oberursel"]
[BlackTeam "VSG 1880 Offenbach"]

1. e4 c6 2. d4 d5 3. Nd2 dxe4 4. Nxe4 Bf5 5. Ng3 Bg6 6. h4 h6 7. Nf3 Nd7 8. h5 Bh7 9. Bd3 Bxd3 10. Qxd3 Ngf6 11. Bd2 e6 12. O-O-O Bd6 13. Kb1 Qc7 14. Ne4 Nxe4 15. Qxe4 Nf6 16. Qe2 O-O-O 17. c4 c5 18. Bc3 Rhe8 19. Ne5 Bxe5 20. dxe5 Rxd1+ 21. Rxd1 Nd7 22. Rd6 f5 23. b3 Nf6 24. exf6 Qxd6 25. fxg7 Kd7 26. Be5 Qc6 27. Qd2+ Kc8 28. f3 Qd7 29. Kc2 Qxd2+ 30. Kxd2 Rg8 31. g4 fxg4 32. fxg4 Kd7 33. g5 hxg5 34. h6 1-0

[Event "Sparkassen-Open A"]
[Site "Heusenstamm, Martinsee"]
[Date "2025.11.20"]
[Round "1.26"]
[White "Blomer, Moritz"]
[Black "Solonar, Stefan"]
[Result "0-1"]
[WhiteElo "1962"]
[BlackElo "2250"]
[PlyCount "108"]
[EventDate "2025.11.20"]
[WhiteTeam "SG Porz e. V."]
[BlackTeam "SC Heusenstamm"]

1. Nf3 Nf6 2. g3 c5 3. Bg2 Nc6 4. O-O e5 5. e4 Be7 6. Re1 O-O 7. d3 d6 8. c3 Re8 9. a3 Bf8 10. b4 a6 11. h3 d5 12. exd5 Nxd5 13. bxc5 Bxc5 14. d4 exd4 15. Rxe8+ Qxe8 16. cxd4 Ba7 17. Bb2 Bf5 18. Nc3 Nb6 19. Nh4 Bd7 20. Qd3 Rd8 21. Ne4 Qe7 22. Nc5 Rc8 23. Qf1 Nd5 24. Re1 Qf8 25. Qc4 Nf6 26. Bxc6 bxc6 27. Nxa6 Bxh3 28. Nb4 Be6 29. Rxe6 fxe6 30. Nxc6 Rc7 31. Qxe6+ Qf7 32. Qxf7+ Rxf7 33. Nf5 Ng4 34. Nd6 Rxf2 35. Nxa7 Rxb2 36. Nab5 Ne3 37. a4 Rb4 38. a5 Ra4 39. Nb7 Nc4 40. Kf2 Nxa5 41. Nc3 Ra3 42. Nxa5 Rxc3 43. g4 Kf7 44. Nb7 Ke6 45. Nd8+ Kd5 46. Nf7 Rd3 47. Ng5 Rxd4 48. Nxh7 Rxg4 49. Kf3 Ra4 50. Ng5 Ke5 51. Kf2 Kf5 52. Nf3 Rf4 53. Kg3 Rxf3+ 54. Kxf3 g6 0-1